01397nam a2200385 i 450000100060000000300080000600500170001400600190003100700150005000800410006502000180010602000270012403500230015103500240017403500250019803500220022304000310024505000210027608000120029708200120030910000390032124501190036025000450047926400300052430000410055433600310059533700330062633800430065950400290070258801260073165000320085765000330088965500270092285600620094924913FlNmELB20241216215759.0m o d | cr cnu||||||||150128s2011 sp ob 000 0 spa d a9788431327118 a9788431353575 (e book) a(MiAaPQ)EBC3207763 a(Au-PeEL)EBL3207763 a(CaPaEBR)ebr10647024 a(OCoLC)1105900735 aFINmELBbspaerdacFINmELB 4aBD450bG215 2011 a113/1190 a1282231 aGarcía Cuadrado, José Ángel.10aAntropología filosófica :buna introducción a la filosofía del hombre /cJosé Ángel García Cuadrado. aQuinta edición, primera reimpresión. 1aPamplona :bEUNSA,c2011. a1 recurso en línea (271 páginas) atextobtxt2rdacontent/spa acomputadorabc2rdamedia/spa arecurso en líneabcr2rdacarrier/spa aContiene bibliografía. aDescripción basada en recurso en línea; Título de la página del título en PDF (e-libro, visto Januar 28, 2015). 0aPhilosophical anthropology. 4aAntropología filosófica. 4aLibros electrónicos.40uhttps://elibro.net/ereader/politecnicointernacional/47098